000
00344 a2200157 4500
001
61312
020
_a
9783126760225
040
_c
Anchieta - Pituba
100
_a
Motta, Giorgio
240
1
0
_a
Magnet
_l
por
245
1
0
_a
Magnet
300
_a
64
362
0
_a
2010
650
4
_a
Línguas germânicas (teutônicas) língua alemã
942
_c
BK
999
_c
61312
_d
61312